30 Random bollards of the (street view) world - Statistics

General Stats
  • This quiz has been taken 5 times
  • The average score is 8 of 30
Answer Stats
Picture Answer % Correct
Australia
100%
Australia
100%
Australia
100%
Austria
100%
Austria
100%
Austria
100%
Austria
100%
Bangladesh
100%
Canada
100%
Czechia
100%
Ecuador
100%
Germany
100%
Italy
100%
Kyrgyzstan
100%
Latvia
100%
Malaysia
100%
Mexico
100%
New Zealand
100%
Peru
100%
Slovakia
100%
Slovakia
100%
Taiwan
100%
Thailand
100%
Turkey
100%
United Kingdom
100%
United States
100%
United States
100%
United States
100%
United States
100%
United States
100%
Mongolia
50%
Slovenia
50%
Sweden
50%
Turkey
50%
United Kingdom
50%
United Kingdom
50%
United States
50%
United States
50%
Åland
0%
Albania
0%
Albania
0%
Albania
0%
Albania
0%
Andorra
0%
Andorra
0%
Argentina
0%
Argentina
0%
Argentina
0%
Australia
0%
Australia
0%
Australia
0%
Australia
0%
Australia
0%
Australia
0%
Australia
0%
Australia
0%
Australia
0%
Australia
0%
Australia
0%
Australia
0%
Australia
0%
Australia
0%
Australia
0%
Australia
0%
Australia
0%
Australia
0%
Australia
0%
Australia
0%
Australia
0%
Australia
0%
Australia
0%
Australia
0%
Australia
0%
Australia
0%
Australia
0%
Australia
0%
Australia
0%
Australia
0%
Austria
0%
Austria
0%
Austria
0%
Austria
0%
Austria
0%
Austria
0%
Austria
0%
Austria
0%
Austria
0%
Austria
0%
Austria
0%
Austria
0%
Austria
0%
Austria
0%
Austria
0%
Austria
0%
Austria
0%
Austria
0%
Austria
0%
Bangladesh
0%
Bangladesh
0%
Belarus
0%
Belfast
0%
Belgium
0%
Belgium
0%
Belgium
0%
Belgium
0%
Belgium
0%
Belgium
0%
Belgium
0%
Bermuda
0%
Bhutan
0%
Bhutan
0%
Bhutan
0%
Bhutan
0%
Bhutan
0%
Bolivia
0%
Bolivia
0%
Bolivia
0%
Bolivia
0%
Bolivia
0%
Botswana
0%
Botswana
0%
Brazil
0%
Brazil
0%
Brazil
0%
Brazil
0%
Bulgaria
0%
Bulgaria
0%
Bulgaria
0%
Bulgaria
0%
Bulgaria
0%
Cambodia
0%
Cambodia
0%
Cambodia
0%
Cambodia
0%
Cambodia
0%
Cambodia
0%
Cambodia
0%
Cambodia
0%
Cambodia
0%
Canada
0%
Canada
0%
Canada
0%
Canada
0%
Canada
0%
Canada
0%
Canada
0%
Canada
0%
Canada
0%
Canada
0%
Canada
0%
Canada
0%
Canada
0%
Canada
0%
Canada
0%
Canada
0%
Canada
0%
Canada
0%
Canada
0%
Canada
0%
Canada
0%
Chile
0%
Christmas Island
0%
Christmas Island
0%
Cocos (Keeling) Islands
0%
Colombia
0%
Croatia
0%
Croatia
0%
Czechia
0%
Czechia
0%
Czechia
0%
Czechia
0%
Denmark
0%
Denmark
0%
Denmark
0%
Ecuador
0%
Ecuador
0%
Ecuador
0%
Ecuador
0%
Ecuador
0%
Ecuador
0%
Ecuador
0%
Ecuador
0%
Ecuador
0%
England
0%
England
0%
England
0%
Estonia
0%
Estonia
0%
Faroe Islands
0%
Finland
0%
France
0%
France
0%
France
0%
France
0%
France
0%
France
0%
France
0%
France
0%
Germany
0%
Ghana
0%
Gibraltar
0%
Greece
0%
Greece
0%
Greenland
0%
Hong Kong
0%
Hong Kong
0%
Hungary
0%
Hungary
0%
Iceland
0%
India
0%
India
0%
India
0%
India
0%
India
0%
Indonesia
0%
Indonesia
0%
Indonesia
0%
Indonesia
0%
Indonesia
0%
Indonesia
0%
Indonesia
0%
Indonesia
0%
Indonesia
0%
Ireland
0%
Ireland
0%
Ireland
0%
Ireland
0%
Ireland
0%
Ireland
0%
Ireland
0%
Ireland
0%
Ireland
0%
Ireland
0%
Ireland
0%
Ireland
0%
Isle of Man
0%
Isle of Man
0%
Isle of Man
0%
Israel
0%
Israel
0%
Israel
0%
Italy
0%
Italy
0%
Italy
0%
Italy
0%
Italy
0%
Italy
0%
Japan
0%
Japan
0%
Japan
0%
Japan
0%
Japan
0%
Japan
0%
Japan
0%
Japan
0%
Japan
0%
Japan
0%
Japan
0%
Jersey
0%
Jersey
0%
Jersey
0%
Jordan
0%
Kenya
0%
Kenya
0%
Kenya
0%
Kenya
0%
Kyrgyzstan
0%
Kyrgyzstan
0%
Kyrgyzstan
0%
Kyrgyzstan
0%
Kyrgyzstan
0%
Laos
0%
Laos
0%
Laos
0%
Latvia
0%
Lebanon
0%
Lebanon
0%
Lebanon
0%
Liechtenstein
0%
Liechtenstein
0%
Liechtenstein
0%
Lithuania
0%
Lithuania
0%
Luxembourg
0%
Luxembourg
0%
Luxembourg
0%
Malaysia
0%
Malaysia
0%
Malaysia
0%
Malaysia
0%
Malaysia
0%
Mexico
0%
Mexico
0%
Mexico
0%
Mexico
0%
Monaco
0%
Monaco
0%
Montenegro
0%
Montenegro
0%
Montenegro
0%
Netherlands
0%
Netherlands
0%
Netherlands
0%
Netherlands
0%
Netherlands
0%
Netherlands
0%
Netherlands
0%
Netherlands
0%
Netherlands
0%
Netherlands
0%
Netherlands
0%
Netherlands
0%
Netherlands
0%
New Zealand
0%
New Zealand
0%
New Zealand
0%
New Zealand
0%
New Zealand
0%
New Zealand
0%
Nigeria
0%
Northern Ireland, England
0%
North Macedonia
0%
North Macedonia
0%
North Macedonia
0%
North Macedonia
0%
Norway
0%
Peru
0%
Peru
0%
Peru
0%
Peru
0%
Philippines
0%
Philippines
0%
Poland
0%
Poland
0%
Poland
0%
Poland
0%
Poland
0%
Poland
0%
Poland
0%
Portugal
0%
Portugal
0%
Portugal
0%
Portugal
0%
Réunion
0%
Réunion
0%
Réunion
0%
Romania
0%
Romania
0%
Russia
0%
Russia
0%
Russia
0%
Russia
0%
Russia
0%
Russia
0%
Rwanda
0%
Rwanda
0%
San Marino
0%
Senegal
0%
Senegal
0%
Senegal
0%
Serbia
0%
Serbia
0%
Serbia
0%
Singapore
0%
Singapore
0%
Singapore
0%
Slovakia
0%
Slovakia
0%
Slovakia
0%
Slovenia
0%
Slovenia
0%
South Africa
0%
South Africa
0%
South Korea
0%
South Korea
0%
South Korea
0%
South Korea
0%
South Korea
0%
South Korea
0%
South Korea
0%
Spain
0%
Spain
0%
Spain
0%
Spain
0%
Spain
0%
Spain
0%
Spain
0%
Spain
0%
Spain
0%
Sri Lanka
0%
Sweden
0%
Sweden
0%
Sweden
0%
Sweden
0%
Sweden
0%
Sweden
0%
Sweden
0%
Sweden
0%
Sweden
0%
Sweden
0%
Switzerland
0%
Switzerland
0%
Switzerland
0%
Switzerland
0%
Taiwan
0%
Taiwan
0%
Thailand
0%
Thailand
0%
Thailand
0%
Tunisia
0%
Tunisia
0%
Turkey
0%
Uganda
0%
Ukraine
0%
Ukraine
0%
Ukraine
0%
Ukraine
0%
Ukraine
0%
Ukraine
0%
United Arab Emirates
0%
United Kingdom
0%
United Kingdom
0%
United Kingdom
0%
United Kingdom
0%
United Kingdom
0%
United Kingdom
0%
United Kingdom
0%
United Kingdom
0%
United Kingdom
0%
United Kingdom
0%
United States
0%
United States
0%
United States
0%
United States
0%
United States
0%
United States
0%
United States
0%
United States
0%
United States
0%
United States
0%
United States
0%
United States
0%
United States
0%
United States
0%
United States
0%
United States
0%
United States
0%
United States
0%
United States
0%
United States
0%
United States
0%
United States
0%
United States
0%
United States
0%
United States
0%
United States
0%
United States
0%
United States
0%
United States
0%
United States
0%
United States
0%
United States
0%
United States
0%
United States
0%
United States
0%
United States
0%
United States
0%
United States
0%
United States
0%
United States
0%
United States
0%
United States
0%
United States
0%
United States
0%
United States
0%
United States
0%
United States
0%
United States
0%
United States
0%
United States
0%
United States
0%
United States
0%
United States
0%
United States
0%
United States
0%
United States
0%
United States
0%
United States
0%
United States
0%
United States
0%
Uruguay
0%
No matching quizzes found
Score Distribution
Percent of People with Each Score
Percentile by Number Answered
Your Score History
You have not taken this quiz